000
00275nam a22001217a 4500
020
_a
0-85229-163-9
082
_a
030
100
_a
GOETHE, J. W. VON
_9
77530
245
_a
FAUST, PARTS ONE AND TWO
250
_a
V-47
260
_a
CHICAGO
_b
WILLIAM BENTON
_c
1952
942
_c
BK
999
_c
582794
_d
582794